| 000 | 005470000a22001690004500 | ||
|---|---|---|---|
| 090 |
_aAR _b01621 |
||
| 245 | 1 | 0 | _aPopulation dynamics of neotropical small mammals in seasonal habitats |
| 650 | 1 | 4 |
_aDinámica poblacional _9608 |
| 650 | 1 | 4 |
_aEcología de poblaciones _93557 |
| 650 | 1 | 4 |
_aFenología _992807 |
| 650 | 1 | 4 |
_aHábitat animal _994646 |
| 651 | 4 |
_lParque Nacional Guatopo _pVenezuela _992749 |
|
| 041 | 0 | _aInglés | |
| 100 | 1 |
_aO'Connell, Margaret A. _995011 |
|
| 942 | _cARTICULO | ||
| 773 | 1 |
_tJournal of Mammalogy _3106 _h3 _q532-548 _d1989 _g70 |
|
| 999 |
_c10701 _d10701 |
||